000 00603cam a22002053a 4500
001 43554
003 PGUSA
005 20140828084006.0
008 130824s2013||||xxu|||||s|||||000 | eng d
040 _aPGUSA
_beng
042 _adc
100 1 _aFéval, Paul,
_d1817-1887
245 1 0 _aLes belles-de-nuit, tome IV :
_bou les anges de la famille
_h[electronic resource] /
_cPaul Féval
260 _bProject Gutenberg,
_c2013
506 _aPublic domain in the USA.
516 _aElectronic text
830 0 _aProject Gutenberg
_v43554
856 4 0 _uhttp://www.gutenberg.org/ebooks/43554
942 _cEB
999 _c272805
_d272805